Rozpoznasz sławną osobę po szkicu? - Statystyki

Ogólne statystyki
  • Ten quiz został rozwiązany 74 razy
  • Średni wynik to 11 z 16
Statystyki odpowiedzi
Obrazkowy Odpowiedź % Poprawnych
Magda Gessler
89%
Dawid Podsiadło
88%
Eminem
88%
Michael Jackson
88%
Lionel Messi
86%
Wersow
83%
Jurek Owsiak
78%
Selena Gomez
73%
Ariana Grande
70%
Justin Bieber
70%
Pitbull
63%
Marcin Dubiel
61%
Harry Styles
59%
Beyonce
53%
Lexy Chaplin
42%
Kylie Jenner
33%
Nie znaleziono quizów pasujących do podanych kryteriów
Rozkład punktacji
Procent ludzi z każdym wynikiem
Percentyl według liczby udzielonych odpowiedzi
Twoja historia wyników
Nie rozwiązałeś tego quizu